El libro del masaje / (Record no. 58100)

MARC details
000 -LEADER
campo de control de longitud fija 00615nam a2200193 i 4500
001 - NÚMERO DE CONTROL
campo de control 58100
003 - IDENTIFICADOR DE NÚMERO DE CONTROL
campo de control ES-MaACL
005 - FECHA Y HORA DE LA ÚLTIMA TRANSACCIÓN
campo de control 20230906163728.0
007 - CAMPO FIJO DE DESCRIPCIÓN FÍSICA--INFORMACIÓN GENERAL
campo de control de longitud fija t|
008 - DATOS DE LONGITUD FIJA--INFORMACIÓN GENERAL
campo de control de longitud fija 031021s1973 sp ||||1| spa d
100 1# - ENTRADA PRINCIPAL--NOMBRE DE PERSONA
Nombre de persona Downing, George.
9 (RLIN) 45539
245 13 - MENCIÓN DEL TÍTULO
Título El libro del masaje /
Mención de responsabilidad, etc. George Downing ; [ilustraciones de Anne Kent Rush ; traducción, Gregorio Vlastelica].
250 ## - MENCION DE EDICION
Mención de edición [1ª ed.].
260 ## - PUBLICACIÓN, DISTRIBUCIÓN, ETC.
Lugar de publicación, distribución, etc. [Barcelona :
Nombre del editor, distribuidor, etc. Pomaire,
Fecha de publicación, distribución, etc. 1973]
300 ## - DESCRIPCIÓN FÍSICA
Extensión 183 p., 7 lám. :
Otras características físicas il. ;
Dimensiones 27 cm.
700 1# - ENTRADA AGREGADA--NOMBRE PERSONAL
Nombre de persona Rush, Anne Kent.
9 (RLIN) 101016
700 1# - ENTRADA AGREGADA--NOMBRE PERSONAL
Nombre de persona Vlastelica, Gregorio.
9 (RLIN) 115633
852 ## - LOCALIZACIÓN
Ubicación ES-MaACL
Número de control de estantería C-53265
Sublocalización o colección R.86182
Holdings
Estatus retirado Estado de pérdida Estado de daño No para préstamo Biblioteca de origen Biblioteca actual Ubicación en estantería Fecha de adquisición Fuente de adquisición Total de préstamos Signatura topográfica completa Código de barras Visto por última vez Precio de reemplazo Tipo de ítem Koha
        Biblioteca del Ateneo de Madrid Biblioteca del Ateneo de Madrid Depósito 2 17/01/2008     C-53265 1060974 23/02/2023 23/02/2023 Libro impreso